Datum a čas kvízu
23
Celkem bodů
Celkový počet nahraných bodů na tomto kvízu bez doplňovacích otázek.
4.
Pořadí na kvízu
Konečné umístění týmu na tomto kvízu.
Zaznamenané odpovědi
| # | Otázka | Odpověď | Body | Výsledky |
|---|---|---|---|---|
| 1. | Předsedou KDU-ČSL se na pátečn... | Marek Výborný | 0 | |
| 2. | Zatímco porodní oddělení jisté... | Maine | 0 | |
| 3. | Čtvrté manželství amerického h... | Nicolas Cage | 0 | |
| 4. | Po Zootu se v problémech ocitá... | Kulina.cz | 0 | |
| 5. | Fotbalistům Colchesteru United... | hamburger | 0 | |
| 6. | Vaším úkolem bude uhodnout kře... | Jan / Stanislav Tříska | 0 | |
| 7. | Čtvrté nejčastější příjmení v... | Petr / Pavel / Petra Svoboda | 0 | |
| 8. | Úspěšný kanadský režisér se na... | James / David Cameron | 1 | |
| 9. | Tento anglický herec, držitel... | Clive / Michael Owen | 1 | |
| 10. | Americký politik a aktivista,... | John / James / Melanie Brown | 1 |